| 000 | 00708cam a2200229 a 4500 | ||
|---|---|---|---|
| 020 | _a9780821377536 | ||
| 020 | _a0821377531 | ||
| 020 | _a9780821379394 (electronic) | ||
| 020 | _a0821379399 (electronic) | ||
| 040 | _cDLC | ||
| 082 | 0 | 0 | _a338 WOR 2009 A072 Or. |
| 245 | 0 | 0 | _aPromoting enterprise-led innovation in China / |
| 260 |
_aWashington, DC : _bWorld Bank, _cc2009. |
||
| 300 |
_axxii, 142 p. : _bill. ; _c23 cm. |
||
| 490 | 1 | _aDirections in development. Countries and regions | |
| 650 | 0 | _aTechnological innovations | |
| 650 | 0 | _aTechnology transfer | |
| 700 | 1 | _aZhang, Chunlin, | |
| 710 | 2 | _aWorld Bank. | |
| 856 | 4 | 1 | _uhttp://www.loc.gov/catdir/toc/fy0906/2009010819.html |
| 942 | _cEK | ||
| 999 |
_c14995 _d14995 |
||